| 000 | 00969nam a22002177a 4500 | ||
|---|---|---|---|
| 999 |
_c19287 _d19287 |
||
| 003 | AR-CdUCM | ||
| 008 | 190517b ||||| |||| 00| 0 spa d | ||
| 040 |
_aMUNICIPALIDAD PROVINCIAL DEL CUSCO _cBIBLIOTECA MUNICIPAL DEL CUSCO |
||
| 082 |
_a614.2 / _bSZ99 |
||
| 100 |
_aSzpirman, L. _940540 |
||
| 245 | _aMedicina familiar y salud comunitaria en Israel / | ||
| 260 |
_aIsrael : _bCentro de Estudios Cooperativos y Laborales, _c1982. |
||
| 300 |
_a432 páginas ; _bcuadros, tablas, gráficos, figuras, _c25 cm. |
||
| 505 | _aContenido: La salud en Israel -- Medicina familiar -- Propuesta de organización de clínicas comunitarias -- Epidemiología comunitaria -- Epidemiología comunitaria -- Servicios ambulatorios -- Cardiología comunitaria ... | ||
| 650 |
_aMedicína _93637 |
||
| 650 |
_aSalud _98684 |
||
| 650 |
_aServicios _940541 |
||
| 710 |
_aAsociación Israelí de Cooperación Internacional. _940542 |
||
| 942 |
_2ddc _cLIBROS |
||
| 945 |
_aachl _d2019-05-17 |
||